Countries by what they're known for #1 - Statistics

General Stats
  • This quiz has been taken 34 times
  • The average score is 14 of 25
Answer Stats
Hint Answer % Correct
Most Nuclear Weapons Russia
96%
Recently Voted to Leave the EU United Kingdom
96%
Most Global Fast Food Companies USA
96%
Most World Cup Wins Brazil
93%
Home of The Great Barrier Reef Australia
89%
Land of Fire and Ice Iceland
89%
Bollywood India
89%
Luxury Clothing and Perfume France
78%
30% Nomadic Population Mongolia
67%
The Banning of Chewing Gum Singapore
67%
Worlds Newest Country South Sudan
67%
Legalisation of Cannabis Netherlands
63%
Most Northern Country Denmark (Greenland)
59%
Smallest Island Nation Nauru
56%
The Worlds Most Pyramids Sudan
56%
The Most Lakes in Africa Uganda
48%
Smallest Country in Mainland Africa The Gambia
41%
Named after a Lake Chad
37%
World Leader of Coconut Production Indonesia
37%
Home to the Worlds Oldest Capital City Syria
37%
Most Vanilla Produced Madagascar
22%
0% of its Land Mass is Water Algeria
19%
Oldest Producer of Wine Armenia
19%
First Country Free of Slavery Haiti
19%
Only Country with Pink on its Flag Turks and Caicos
0%
No matching quizzes found
Score Distribution
Percent of People with Each Score
Percentile by Number Answered
Your Score History
You have not taken this quiz